En este mundo tiene que haber de todo /
MARC
| LEADER | 00000nam a22000007a 4500 | ||
|---|---|---|---|
| 001 | 28018 | ||
| 003 | Arxiu | ||
| 005 | 20260324181518.0 | ||
| 008 | 230619b spa||||| |||| 00| 0 cat d | ||
| 017 | |a B 9036-2023 |b Biblioteca de Catalunya | ||
| 020 | |a 9788419590275 | ||
| 020 | |a 9788419091581 | ||
| 040 | |a agdb |b cat | ||
| 041 | |a spa | ||
| 100 | 1 | |9 56585 |a Corchero, Andrés, |d 1957- |e autor | |
| 240 | |a En aquest món hi ha d'haver de tot |l [castellà] | ||
| 245 | |a En este mundo tiene que haber de todo / |c André Corchero ; traducción del catalán de Clara Formosa Plans ; edición de Bàrbara Raubert | ||
| 250 | |a Primera edición: |b mayo del 2023 | ||
| 260 | |a Barcelona : |b Comanegra : |b Mercat de les Flors : |b Institut del Teatre ; |c 2023 | ||
| 300 | |a 179 pàgines ; |b il·lustracions blanc i negre ; |c 21 cm | ||
| 490 | |a Paragrafias ; |v 4 | ||
| 546 | |a També en català (R. 28017) | ||
| 600 | 1 | 0 | |9 56585 |a Corchero, Andrés, |d 1957- |
| 650 | 0 | |9 56580 |a Ballarins |z Catalunya | |
| 650 | 0 | |a Dansa contemporània |z Catalunya | |
| 650 | 0 | |9 53798 |a Dansa contemporània |x Filosofia | |
| 650 | 0 | |9 56579 |a Coreògrafs |z Catalunya | |
| 700 | 1 | |9 56581 |a Raubert, Bàrbara |e editor | |
| 700 | 1 | |9 56588 |a Formosa Plans, Clara |e traductor | |
| 710 | 1 | |9 52662 |a Institut del Teatre (Barcelona, Catalunya) |e editor | |
| 710 | 2 | |9 56582 |a Mercat de les Flors |e editor | |
| 942 | |2 udc |c ARXIU |n 1 | ||
| 952 | |0 0 |1 0 |2 udc |4 0 |6 BIB1075 |7 1 |9 66502 |a Arxiu |b Arxiu |d 2023-06-19 |l 0 |o Bib-1075 |p 28018 |r 2023-06-19 00:00:00 |w 2023-06-19 |y ARXIU | ||
| 999 | |c 83823 |d 83823 | ||